000 00713cam a2200241 a 4500
001 2976229
005 20180216041404.0
008 920221s1992 enka b 001 0 eng c
010 _a 92008067
020 _a0750613572 :
_c£19.50
040 _aDNLM/DLC
_cDLC
_dDLC
041 _aeng
060 _aWI 141 B157q
080 _a616.3307545 joh
082 0 0 _a616.3307545 joh
_220
100 1 _a9
101 _agas
245 1 0 _aGastrointestinal endoscopy :
_cJohn Baillie.
504 _aIncludes bibliographical references and index.
906 _a7
_bcbc
_corignew
_d1
_eocip
_f19
_gy-gencatlg
942 _2ddc
_cBK
999 _c42758
_d42758